| 000 | 00376nam a2200145Ia 4500 | ||
|---|---|---|---|
| 008 | 150201s2011 xx 000 0 und d | ||
| 082 |
_a616.8914 _bC11G |
||
| 100 | _aGAEBEL, WOLFGANG | ||
| 245 | _aCRRENT SCIENCE & CLINICAL PRACTICE SCHIZOPHRENIA | ||
| 250 | _a1ST | ||
| 260 |
_bWILEY BLACKWELL _aDELHI _c2011 |
||
| 300 | _a1-254 | ||
| 650 | _aPSYCHIATRY | ||
| 942 |
_2ddc _cBK _01 |
||
| 999 |
_c1580 _d1580 |
||